'80s TV by Actor Quiz Stats

Quiz Updated Dec 30, 2016

Also try: '90s TV by Actor
Challenge
Share
Tweet
Embed
Score 0/40 Timer 08:00
4 Plays Today
Actors' First Names 1980s TV Show % Correct
Woody & RheaCheers
88.6%
Cybill & BruceMoonlighting
85.1%
Rue & EstelleThe Golden Girls
82.3%
Phylicia & MalcolmThe Cosby Show
79.8%
Tony & AlyssaWho's the Boss?
75.4%
Meredith & JustineFamily Ties
71.5%
Delta & DixieDesigning Women
71.2%
Mario & TiffaniSaved By the Bell
67.5%
Kirk & TraceyGrowing Pains
65.7%
Harry & MarkieNight Court
63.4%
Jaleel & ReginaldFamily Matters
63.3%
Candice & FaithMurphy Brown
61.7%
Candace & AshleyFull House
59.7%
Jill & CorbinL.A. Law
59.2%
Fred & DanicaThe Wonder Years
58.4%
Soleil & CheriePunky Brewster
58.3%
Tyne & SharonCagney & Lacey
57.3%
Craig & ShelleyCoach
54.9%
Bronson & MarkPerfect Strangers
50.5%
LeVar & BrentStar Trek: The Next Generation
49.9%
Actors' First Names 1980s TV Show % Correct
Pierce & StephanieRemington Steele
49.5%
Don & PhillipMiami Vice
48.5%
Julie & YeardleyThe Simpsons
43.9%
Jasmine & KadeemA Different World
43.6%
Emmanuel & AlexWebster
43.3%
Joan & HeatherDynasty
42.9%
Katey & ChristinaMarried...With Children
42.8%
Neil & MaxDoogie Howser, M.D.
36.6%
Howie & EdSt. Elsewhere
34.6%
George & DirkThe A-Team
31.3%
William & HeatherT.J. Hooker
29.3%
Nell & KariGimme a Break
28.4%
Vicki & KenMama's Family
26.6%
Mel & Patriciathirtysomething
24.5%
Dana & MargChina Beach
23.6%
Scott & DeanQuantum Leap
23.5%
Betty & VeronicaHill Street Blues
20.2%
John & SaraRoseanne
20.1%
Dinah & ParkEmpty Nest
16.7%
Parker & DavidBaywatch
13.2%

You're not logged in!

Compare scores with friends on all Sporcle quizzes.
Sign Up with Email
OR
Log In

You Might Also Like...

Show Comments

Extras

Top Quizzes Today


Score Distribution

Your Account Isn't Verified!

In order to create a playlist on Sporcle, you need to verify the email address you used during registration. Go to your Sporcle Settings to finish the process.